Une lettre suffit pour répondre juste #52 (attention 10 lettres tuent) - Statistiques

Statistiques générales
  • Ce quiz a été pris 54 fois
  • Le résultat moyen est 3 sur 6
Statistiques - réponses
Hint Réponse % Correct
Donne une des 5 lettres du nom de la franchise de basketball de NBA évoluant à Atlanta (dont voici le logo)
HAWKS
100%
Donne une des 4 lettres qui désigne à la fois un vêtement pour nourrisson nommé justaucorps en français et un sous-vêtement moulant (lingerie qui couvre tout le tronc d'une seule pièce sans manche) BODY
74%
Donne une des 3 lettres qui compose le prénom du réalisateur de ces films : Subway Le Grand Bleu Nikita Léon Le Cinquième élément LUC
65%
Donne une des 2 lettres qui est présente dans le nom des 6 pays les plus peuplées du Monde (en 2025) IN (INde,chINe,etats-uNIs,INdoNésIe,pakIstaN, NIgerIa
42%
Donne la lettre sous laquelle une femme peut accoucher anonymement X
35%
Donne la lettre qui complète le nom d'un groupe de pop indépendante britannique, originaire de Leeds, formé en 2007 : alt-?
J
2%
Aucun quiz correspondant
Distribution des résultats
% des personnes avec chaque résultat
Percentile par nombre de réponses
Votre historique - résultats
Vous n’avez pas pris ce quiz